| 000 | 00774nam a22002777a 4500 | ||
|---|---|---|---|
| 001 | 9575 | ||
| 003 | FISKH | ||
| 005 | 20260123152850.0 | ||
| 008 | 260123b cb ||||| |||| 00| 0 eng d | ||
| 020 | _a9780747560876 | ||
| 040 |
_aFISKH _beng _cFISKH _dFISKH |
||
| 050 | _aPS3553 .I78 .H6 | ||
| 082 | _a813.54 | ||
| 100 | _aCisneros , Sandra | ||
| 245 |
_aThe house on Mango Street / _bBy Sandra Cisneros |
||
| 260 |
_aLondon : _bBloombury Publishing , _c1991. |
||
| 300 |
_a110 pages : _billustrations ; _c20 cm . |
||
| 505 | _aW | ||
| 520 | _aA novel by the author of "Caramelo". | ||
| 521 | 8 |
_a870
_bLexile |
|
| 521 | 8 |
_aW
_bRaz-Plus |
|
| 650 |
_aMulticultural _vFiction |
||
| 650 |
_aVignettes _vFiction |
||
| 942 |
_2ddc _cBK _n0 |
||
| 999 |
_c9575 _d9575 |
||